| 000 | 00623nam a22001697a 4500 | ||
|---|---|---|---|
| 005 | 20231115142948.0 | ||
| 008 | 231115b |||||||| |||| 00| 0 eng d | ||
| 020 | _a0409012920 | ||
| 041 | _aEnglish | ||
| 082 | _a344.1 BOS | ||
| 100 |
_aBosch, D ; Molahlehi, E and Everett, W _lEnglish |
||
| 245 |
_aThe Conciliation and Arbitration Handbook : _bA comprehensive guide to labour dispute resolution procedures / _cD Bosch, E Molahlehi and W Everett |
||
| 260 |
_aDurban : _bLexisNexis, _c2004 |
||
| 300 |
_bxxi, 397 pages ; _c25 cm. |
||
| 650 |
_aLegal practice _bLaw |
||
| 942 |
_cBK _6ALISON_BN_VRIES |
||
| 999 |
_c694 _d694 |
||